عرض عادي
عرض مارك
- Patterson, David A
مدخل إسم شخص
001 - رقم الضبط
- حقل الضبط: 5439
003 - معرف رقم الضبط
- حقل الضبط: OSt
005 - تاريخ ووقت أخر عملية
- حقل الضبط: 20111023143946.0
008 - عناصر بيانات ثابتة الطول
- حقل تحكم ثابت الطول: 111023|||a|||||| | ||| d
040 ## - مصدر الفهرسة
- هيئة الفهرسة الأصلية: OSt
- وكالة الكتابة: OSt
100 ## - مدخل -- أسم شخص
- إسم شخص: Patterson, David A
670 ## - بيانات المصدر موجوده
- الاستشهاد بالمصدر: Work cat.: (OSt)1027: Hennessy, John L.10 5438, Computer architecture ., c2003.
